10 najpopularniejszych sieci handlowych w Polsce - Statystyki

Ogólne statystyki
  • Ten quiz został rozwiązany 244 razy
  • Średni wynik to 7 z 10
Statystyki odpowiedzi
Sklep % Poprawnych
Biedronka
99%
Lidl
98%
Żabka
85%
Dino
80%
Kaufland
73%
Auchan
71%
Carrefour
65%
Netto
58%
Intermarche
28%
Społem
12%
Nie znaleziono quizów pasujących do podanych kryteriów
Rozkład punktacji
Procent ludzi z każdym wynikiem
Percentyl według liczby udzielonych odpowiedzi
Twoja historia wyników
Nie rozwiązałeś tego quizu